| 000 | 01793nam a2200253Ia 4500 | ||
|---|---|---|---|
| 008 | 260220t2001||||xx |||||||||||||| ||spa|| | ||
| 040 |
_aPY-SlUNAC _bspa _erda |
||
| 041 | _aspa | ||
| 082 |
_a302.2 _bAg92c |
||
| 100 |
_aAguero, Fidel _eAutor |
||
| 245 | 0 |
_aComunicación y educación cooperativa / _cpor Fidel Aguero [Autor] |
|
| 250 | _aSegunda edición | ||
| 264 |
_aBuenos Aires : _bEtigraf, _c℗2001. |
||
| 300 | _a164 páginas | ||
| 520 | _aEn "Comunicación y educación cooperativa", Fidel Aguero explora la intersección entre la comunicación y los procesos educativos en contextos cooperativos. A través de un enfoque crítico, el autor analiza cómo la comunicación efectiva puede potenciar el aprendizaje y la colaboración dentro de las organizaciones educativas. Aguero argumenta que la educación no solo debe centrarse en la transmisión de conocimientos, sino también en el desarrollo de habilidades comunicativas que fomenten la participación activa y el trabajo en equipo. El libro presenta diversas estrategias para implementar una comunicación cooperativa, destacando la importancia de la empatía, la escucha activa y el diálogo constructivo. Además, incluye ejemplos prácticos y estudios de caso que ilustran cómo estas dinámicas pueden ser aplicadas en entornos educativos. En última instancia, la obra invita a repensar los modelos tradicionales de enseñanza, promoviendo un enfoque más colaborativo y participativo que prepare a los estudiantes para enfrentar los desafíos del mundo actual. | ||
| 653 | _aComunicación | ||
| 653 | _aCooperación | ||
| 653 | _aEducación | ||
| 942 |
_b2026/02/17 _cBK |
||
| 999 |
_c6946 _d6946 |
||